[Event "Wroclaw Open"]
[Site "?"]
[Date "2017.08.16"]
[Round "1.1"]
[White "Grabarczyk, Miroslaw"]
[Black "Borowski, Przemyslaw"]
[Result "1-0"]
[BlackElo "1759"]
[WhiteElo "2441"]
[LiveChessVersion "1.4.6"]

1. d4 {[%clk 1:30:56]} Nf6 {[%clk 1:30:53]} 2. c4 {[%clk 1:31:18]} e6
{[%clk 1:31:16]} 3. g3 {[%clk 1:31:17]} d5 {[%clk 1:28:39]} 4. Nf3
{[%clk 1:31:17]} Bb4+ {[%clk 1:27:11]} 5. Bd2 {[%clk 1:30:33]} Bxd2+
{[%clk 1:26:51]} 6. Nbxd2 {[%clk 1:30:36]} O-O {[%clk 1:24:24]} 7. Bg2
{[%clk 1:30:52]} b6 {[%clk 1:22:08]} 8. O-O {[%clk 1:29:39]} Bb7 {[%clk 1:19:58]}
9. b4 {[%clk 1:27:57]} Qe7 {[%clk 1:13:30]} 10. Qb3 {[%clk 1:20:19]} dxc4
{[%clk 1:01:14]} 11. Nxc4 {[%clk 1:19:38]} Bd5 {[%clk 1:00:17]} 12. Nfe5
{[%clk 1:08:29]} Rc8 {[%clk 0:43:58]} 13. Rfc1 {[%clk 1:01:25]} Bxg2
{[%clk 0:35:12]} 14. Kxg2 {[%clk 1:01:42]} Nd5 {[%clk 0:32:18]} 15. Rab1
{[%clk 0:55:56]} f6 {[%clk 0:27:27]} 16. Nf3 {[%clk 0:47:58]} c5 {[%clk 0:18:04]}
17. bxc5 {[%clk 0:44:19]} bxc5 {[%clk 0:17:46]} 18. e4 {[%clk 0:41:42]} Nb6
{[%clk 0:16:52]} 19. dxc5 {[%clk 0:40:34]} N6d7 {[%clk 0:14:25]} 20. Nd6
{[%clk 0:37:51]} Rxc5 {[%clk 0:09:22]} 21. Qb7 {[%clk 0:37:27]} Rxc1
{[%clk 0:05:28]} 22. Rxc1 {[%clk 0:37:43]} Qxd6 {[%clk 0:05:23]} 23. Qxa8
{[%clk 0:37:09]} a6 {[%clk 0:03:39]} 24. Qb7 {[%clk 0:33:31]} Kf7
{[%clk 0:02:16]} 25. Qc8 {[%clk 0:31:36]} Qb4 {[%clk 0:00:47]} 26. Qc4
{[%clk 0:31:08]} Qb7 {[%clk 0:00:42]} 27. Rc3 {[%clk 0:31:05]} Qb1
{[%clk 0:00:42]} 28. h4 {[%clk 0:30:11]} Nb6 {[%clk 0:00:44]} 29. Qb3
{[%clk 0:29:30]} Qxb3 {[%clk 0:00:53]} 30. Rxb3 {[%clk 0:29:12]} N8d7
{[%clk 0:01:18]} 31. Nd4 {[%clk 0:27:29]} Nc4 {[%clk 0:00:59]} 32. Rb7
{[%clk 0:26:53]} Ke7 {[%clk 0:01:08]} 33. Ra7 {[%clk 0:26:55]} Kd6
{[%clk 0:00:58]} 34. Rxa6+ {[%clk 0:26:55]} Ke5 {[%clk 0:01:01]} 35. Nxe6
{[%clk 0:26:35]} Nb8 {[%clk 0:00:44]} 36. Ra8 {[%clk 0:26:53]} Kd5
{[%clk 0:00:26]} 1-0

[Event "Wroclaw Open"]
[Site "?"]
[Date "2017.08.16"]
[Round "1.2"]
[White "Ochman, Sebastian"]
[Black "Sergeev, Vladimir"]
[Result "0-1"]
[BlackElo "2417"]
[WhiteElo "1748"]
[LiveChessVersion "1.4.6"]

1. d4 {[%clk 1:30:56]} Nf6 {[%clk 1:30:55]} 2. c4 {[%clk 1:31:22]} d6
{[%clk 1:30:50]} 3. Nc3 {[%clk 1:31:30]} Nbd7 4. e4 {[%clk 1:30:27]} e5
{[%clk 1:31:17]} 5. Nge2 {[%clk 1:30:03]} c6 {[%clk 1:31:22]} 6. f3
{[%clk 1:29:44]} a6 7. Be3 {[%clk 1:29:22]} b5 {[%clk 1:30:40]} 8. Ng3 h5
{[%clk 1:26:51]} 9. h4 {[%clk 1:25:02]} g6 {[%clk 1:21:02]} 10. Be2 Bb7
{[%clk 1:18:15]} 11. Nf1 {[%clk 1:07:42]} b4 {[%clk 1:14:13]} 12. Na4
{[%clk 1:06:56]} exd4 {[%clk 1:11:00]} 13. Qxd4 {[%clk 0:59:08]} c5
{[%clk 1:08:48]} 14. Qd2 {[%clk 0:58:41]} Bc6 {[%clk 1:05:53]} 15. Bd1
{[%clk 0:57:25]} Ne5 {[%clk 1:05:33]} 16. Qc2 {[%clk 0:55:22]} Bg7
{[%clk 0:59:25]} 17. Bd2 {[%clk 0:43:15]} O-O {[%clk 0:56:38]} 18. Ne3
{[%clk 0:42:44]} Nfd7 {[%clk 0:52:40]} 19. Be2 {[%clk 0:39:47]} Qa5
{[%clk 0:52:09]} 20. Bd1 {[%clk 0:36:29]} Bxa4 {[%clk 0:51:55]} 21. Qxa4
{[%clk 0:36:53]} Qxa4 {[%clk 0:52:14]} 22. Bxa4 {[%clk 0:37:14]} Nb6
{[%clk 0:52:38]} 23. Bb3 {[%clk 0:34:02]} Nd3+ {[%clk 0:51:30]} 24. Ke2
{[%clk 0:34:19]} Nf4+ {[%clk 0:51:45]} 25. Kf1 {[%clk 0:33:59]} Bxb2
{[%clk 0:51:57]} 26. Rb1 {[%clk 0:33:55]} Be5 {[%clk 0:50:24]} 27. g4
{[%clk 0:33:08]} a5 {[%clk 0:50:25]} 28. a4 {[%clk 0:32:52]} bxa3
{[%clk 0:50:36]} 29. Rg1 {[%clk 0:29:46]} Rfb8 {[%clk 0:49:58]} 30. gxh5
{[%clk 0:29:28]} Nxh5 {[%clk 0:50:09]} 31. Nf5 Kh7 {[%clk 0:41:35]} 32. Ne3
{[%clk 0:23:58]} Nf4 {[%clk 0:41:19]} 33. Bc1 {[%clk 0:18:36]} Na4 34. Ng4 Nc3
{[%clk 0:36:45]} 35. Ra1 {[%clk 0:18:58]} Rxb3 0-1

[Event "Wroclaw Open"]
[Site "?"]
[Date "2017.08.16"]
[Round "1.3"]
[White "Omelja, Artem"]
[Black "Galant, Ireneusz"]
[Result "1-0"]
[BlackElo "1739"]
[WhiteElo "2411"]
[LiveChessVersion "1.4.6"]

1. d4 {[%clk 1:30:55]} d5 {[%clk 1:30:15]} 2. c4 {[%clk 1:31:13]} e6
{[%clk 1:29:20]} 3. Nc3 {[%clk 1:31:22]} Be7 {[%clk 1:26:36]} 4. Nf3
{[%clk 1:31:35]} dxc4 {[%clk 1:23:47]} 5. e4 {[%clk 1:31:32]} Nf6
{[%clk 1:22:38]} 6. Bxc4 {[%clk 1:31:41]} O-O {[%clk 1:21:46]} 7. O-O
{[%clk 1:32:01]} h6 {[%clk 1:21:35]} 8. Qe2 {[%clk 1:32:18]} c6 {[%clk 1:04:51]}
9. e5 {[%clk 1:32:21]} Nd5 {[%clk 0:59:54]} 10. Qe4 {[%clk 1:32:32]} Nd7
{[%clk 0:38:29]} 11. Qg4 {[%clk 1:32:19]} Kh7 {[%clk 0:34:21]} 12. Bd3+
{[%clk 1:28:17]} Kh8 {[%clk 0:30:15]} 13. Qh3 {[%clk 1:16:17]} f5
{[%clk 0:25:55]} 14. exf6 {[%clk 1:16:25]} Rxf6 {[%clk 0:25:06]} 15. Ne5
{[%clk 1:14:40]} Nxe5 {[%clk 0:15:50]} 16. dxe5 {[%clk 1:15:00]} Nf4
{[%clk 0:14:10]} 17. Bxf4 {[%clk 1:10:37]} Rxf4 {[%clk 0:14:27]} 18. Rad1
{[%clk 1:10:47]} Qf8 {[%clk 0:07:08]} 19. g3 {[%clk 1:10:12]} Rb4
{[%clk 0:06:19]} 20. Qh5 {[%clk 1:09:22]} Bd7 {[%clk 0:03:58]} 21. b3
{[%clk 1:05:07]} Be8 {[%clk 0:02:44]} 22. Bg6 {[%clk 1:04:45]} Bc5
{[%clk 0:02:11]} 23. Bxe8 {[%clk 1:03:53]} Rxe8 {[%clk 0:02:22]} 24. Kg2
{[%clk 1:02:54]} Rd4 {[%clk 0:01:36]} 25. Rxd4 {[%clk 1:03:00]} Bxd4
{[%clk 0:02:01]} 26. Ne4 {[%clk 1:03:16]} Rd8 {[%clk 0:01:52]} 27. Rd1
{[%clk 1:01:48]} c5 {[%clk 0:02:06]} 28. f4 {[%clk 1:01:32]} Qe7 {[%clk 0:01:46]}
29. Qg6 {[%clk 1:01:05]} b5 {[%clk 0:01:39]} 30. b4 {[%clk 1:00:43]} c4
{[%clk 0:01:18]} 31. Nd6 {[%clk 1:01:01]} Rxd6 {[%clk 0:01:15]} 32. exd6
{[%clk 1:01:23]} Qb7+ {[%clk 0:01:03]} 33. Kh3 {[%clk 1:01:38]} Bf6
{[%clk 0:00:39]} 34. Qxf6 {[%clk 0:58:53]} Qf3 {[%clk 0:00:32]} 35. Qd4
{[%clk 0:58:46]} Qh5+ {[%clk 0:00:47]} 36. Kg2 {[%clk 0:59:06]} Qe2+
{[%clk 0:01:13]} 37. Kg1 {[%clk 0:58:50]} 1-0

[Event "Wroclaw Open"]
[Site "?"]
[Date "2017.08.16"]
[Round "1.4"]
[White "Pietraszko, Jakub"]
[Black "Sieciechowicz, Marcin"]
[Result "0-1"]
[BlackElo "2408"]
[WhiteElo "1724"]
[LiveChessVersion "1.4.6"]

1. d4 {[%clk 1:30:59]} Nf6 {[%clk 1:30:56]} 2. Nc3 {[%clk 1:31:13]} d5
{[%clk 1:31:00]} 3. Bg5 {[%clk 1:31:37]} Ne4 {[%clk 1:31:06]} 4. Nxe4
{[%clk 1:30:31]} dxe4 {[%clk 1:29:53]} 5. c3 {[%clk 1:30:55]} g6 {[%clk 1:28:35]}
6. e3 {[%clk 1:27:52]} Bg7 {[%clk 1:27:49]} 7. Bc4 {[%clk 1:26:52]} Qd7
{[%clk 1:24:07]} 8. f3 {[%clk 1:21:21]} b5 {[%clk 1:21:55]} 9. Bb3
{[%clk 1:19:35]} Bb7 {[%clk 1:21:15]} 10. a4 {[%clk 1:14:36]} a6 {[%clk 1:20:00]}
11. fxe4 {[%clk 1:10:44]} Bxe4 {[%clk 1:19:20]} 12. Qe2 {[%clk 1:08:49]} O-O
{[%clk 1:15:39]} 13. Nf3 {[%clk 1:06:42]} Nc6 {[%clk 1:14:15]} 14. Bf4
{[%clk 1:00:41]} Na5 {[%clk 1:08:07]} 15. Bc2 {[%clk 0:59:34]} Bd5
{[%clk 1:06:26]} 16. axb5 {[%clk 0:55:04]} axb5 {[%clk 1:05:29]} 17. Kf2
{[%clk 0:54:46]} f6 {[%clk 1:04:27]} 18. h4 {[%clk 0:51:52]} e5 {[%clk 1:01:49]}
19. Bg3 {[%clk 0:49:45]} Nc4 {[%clk 1:01:36]} 20. b4 {[%clk 0:47:14]} e4
{[%clk 1:01:05]} 21. Nd2 {[%clk 0:46:37]} Qf5+ {[%clk 1:01:02]} 22. Bf4
{[%clk 0:44:39]} Nxd2 {[%clk 1:00:43]} 23. g4 {[%clk 0:43:22]} Qd7
{[%clk 1:00:02]} 24. Rxa8 {[%clk 0:42:28]} Rxa8 {[%clk 1:00:00]} 25. Qxd2
{[%clk 0:42:49]} Qxg4 {[%clk 1:00:06]} 26. Qd1 {[%clk 0:38:22]} Qf5
{[%clk 0:59:49]} 27. Kg3 {[%clk 0:37:18]} h5 {[%clk 0:59:24]} 28. Rf1
{[%clk 0:33:04]} Bc4 {[%clk 0:57:21]} 29. Bb3 {[%clk 0:32:49]} Bxb3
{[%clk 0:54:05]} 30. Qxb3+ {[%clk 0:33:18]} Kh7 {[%clk 0:54:23]} 31. Qd1
{[%clk 0:30:53]} c6 {[%clk 0:54:35]} 32. Bc7 {[%clk 0:30:39]} Qe6
{[%clk 0:53:12]} 33. Ba5 {[%clk 0:29:19]} Bf8 {[%clk 0:52:42]} 34. Qe2
{[%clk 0:25:01]} Kg7 {[%clk 0:52:51]} 35. Rc1 {[%clk 0:17:44]} Bd6+
{[%clk 0:51:48]} 36. Kg2 {[%clk 0:18:00]} Bb8 {[%clk 0:49:59]} 37. c4
{[%clk 0:16:35]} Qd6 {[%clk 0:50:13]} 38. Qf2 {[%clk 0:16:25]} Qh2+
{[%clk 0:49:24]} 39. Kf1 {[%clk 0:16:54]} Qh1+ {[%clk 0:48:51]} 40. Qg1
{[%clk 0:17:15]} Qh3+ {[%clk 0:48:33]} 41. Ke2 {[%clk 0:16:33]} bxc4
{[%clk 0:45:31]} 42. Rxc4 {[%clk 0:16:44]} Qf3+ {[%clk 0:45:01]} 43. Kd2
{[%clk 0:16:49]} Bg3 {[%clk 0:45:16]} 44. Qd1 {[%clk 0:15:55]} Qf5
{[%clk 0:43:49]} 45. Rxc6 {[%clk 0:15:17]} Bxh4 {[%clk 0:43:58]} 46. Rc5
{[%clk 0:11:17]} Qh3 {[%clk 0:44:03]} 47. d5 {[%clk 0:09:33]} Qh2+
{[%clk 0:41:34]} 48. Qe2 {[%clk 0:08:26]} Qe5 {[%clk 0:41:21]} 49. Qc4
{[%clk 0:08:15]} Bg3 {[%clk 0:40:03]} 50. Rc6 {[%clk 0:04:59]} h4
{[%clk 0:40:09]} 51. d6 {[%clk 0:03:49]} h3 {[%clk 0:37:43]} 52. Rc7+
{[%clk 0:01:37]} Kh6 {[%clk 0:37:56]} 53. Qf1 {[%clk 0:01:07]} Qxd6+
{[%clk 0:37:55]} 54. Kc1 {[%clk 0:01:25]} Rxa5 {[%clk 0:37:26]} 0-1

[Event "Wroclaw Open"]
[Site "?"]
[Date "2017.08.16"]
[Round "1.5"]
[White "Swicarz, Maciej"]
[Black "Zamekhovskiy, Yevgen"]
[Result "1-0"]
[BlackElo "1707"]
[WhiteElo "2369"]
[LiveChessVersion "1.4.6"]

1. e4 {[%clk 1:30:56]} d6 {[%clk 1:30:43]} 2. d4 {[%clk 1:31:14]} Nf6
{[%clk 1:31:10]} 3. Nc3 {[%clk 1:31:31]} e5 {[%clk 1:31:26]} 4. Nf3
{[%clk 1:31:51]} Nbd7 {[%clk 1:31:53]} 5. Bc4 {[%clk 1:31:55]} Be7
{[%clk 1:32:19]} 6. O-O {[%clk 1:32:10]} O-O {[%clk 1:32:45]} 7. a4
{[%clk 1:32:22]} a5 {[%clk 1:32:37]} 8. h3 {[%clk 1:30:58]} c6 {[%clk 1:32:07]}
9. Ba2 {[%clk 1:29:32]} Qc7 {[%clk 1:30:47]} 10. Be3 {[%clk 1:29:30]} exd4
{[%clk 1:26:58]} 11. Bxd4 {[%clk 1:29:44]} Ne5 {[%clk 1:26:59]} 12. Nd2
{[%clk 1:27:35]} c5 {[%clk 1:20:52]} 13. Nb5 {[%clk 1:20:01]} Qb8
{[%clk 1:20:18]} 14. Bc3 {[%clk 1:18:48]} Nc6 {[%clk 1:17:05]} 15. Re1
{[%clk 1:14:24]} Be6 {[%clk 1:15:14]} 16. Bxe6 {[%clk 1:08:39]} fxe6
{[%clk 1:15:41]} 17. Nc4 {[%clk 1:08:50]} Rd8 {[%clk 1:14:10]} 18. Qe2
{[%clk 1:08:33]} e5 {[%clk 1:14:14]} 19. Rad1 {[%clk 0:58:52]} Ra6
{[%clk 1:12:50]} 20. b3 {[%clk 0:55:33]} Nb4 {[%clk 1:09:43]} 21. Ne3
{[%clk 0:53:33]} g6 {[%clk 1:05:25]} 22. Qc4+ {[%clk 0:52:09]} Kg7
{[%clk 1:03:31]} 23. Rf1 {[%clk 0:50:28]} Nc6 {[%clk 0:57:13]} 24. Qd3
{[%clk 0:47:51]} Nd4 {[%clk 0:54:28]} 25. Nc4 {[%clk 0:47:42]} Nh5
{[%clk 0:52:31]} 26. f4 {[%clk 0:40:32]} Bh4 {[%clk 0:49:19]} 27. Bxa5
{[%clk 0:38:00]} Rd7 {[%clk 0:40:42]} 28. Bd2 {[%clk 0:35:28]} Ng3
{[%clk 0:38:55]} 29. Nxd4 {[%clk 0:35:20]} exd4 {[%clk 0:38:32]} 30. Rf3
{[%clk 0:35:22]} Re7 {[%clk 0:37:03]} 31. Rxg3 {[%clk 0:33:29]} Bxg3
{[%clk 0:37:23]} 32. Qxg3 {[%clk 0:33:52]} Rxe4 {[%clk 0:37:49]} 33. f5
{[%clk 0:34:10]} Qf8 {[%clk 0:37:55]} 34. Rf1 {[%clk 0:34:11]} d5
{[%clk 0:36:59]} 35. Ne5 {[%clk 0:31:13]} Rf6 {[%clk 0:35:30]} 36. Ng4
{[%clk 0:30:07]} Qd6 {[%clk 0:35:28]} 37. Bf4 {[%clk 0:29:00]} Rxf4
{[%clk 0:35:08]} 38. Qxf4 {[%clk 0:29:11]} 1-0

[Event "Wroclaw Open"]
[Site "?"]
[Date "2017.08.16"]
[Round "1.7"]
[White "Vypkhaniuk, Ihor"]
[Black "Olszowski, Andrzej"]
[Result "1-0"]
[BlackElo "1680"]
[WhiteElo "2333"]
[LiveChessVersion "1.4.6"]

1. Nf3 d5 2. c4 Nf6 3. cxd5 Nxd5 4. e4 Nb6 5. d4 Bg4 6. Be2 g6 7. Nc3 Bg7 8. Be3
O-O 9. O-O Nc6 10. d5 Bxf3 11. Bxf3 Ne5 12. Be2 Nec4 13. Bg5 a6 14. Qb3 Nd6 15.
Bd3 Nd7 16. Rfe1 Nc5 17. Qc2 Nxd3 18. Qxd3 b5 19. Rac1 Nc4 20. b3 Ne5 21. Qg3 Rc8
22. Red1 Qd6 23. h3 h6 24. Be3 Nd7 25. Ne2 Qxg3 26. Nxg3 Nb8 27. Bf4 Rfd8 28.
Bxc7 Rd7 29. Ba5 Re8 30. Ne2 g5 31. Nd4 Be5 32. Nc6 f6 33. Nxe5 fxe5 34. Bc7 1-0

[Event "Wroclaw Open"]
[Site "?"]
[Date "2017.08.16"]
[Round "1.8"]
[White "Stefanski, Robert"]
[Black "Kucza, Karol"]
[Result "0-1"]
[BlackElo "2320"]
[WhiteElo "1659"]
[LiveChessVersion "1.4.6"]

1. d4 {[%clk 1:30:56]} d5 {[%clk 1:30:42]} 2. e3 {[%clk 1:31:18]} Nf6
{[%clk 1:31:02]} 3. f4 {[%clk 1:31:10]} Bf5 {[%clk 1:28:51]} 4. Nf3
{[%clk 1:31:11]} e6 {[%clk 1:29:12]} 5. Bd3 {[%clk 1:31:05]} Bxd3
{[%clk 1:29:33]} 6. Qxd3 {[%clk 1:30:39]} c5 {[%clk 1:29:39]} 7. c3
{[%clk 1:28:40]} Nc6 {[%clk 1:29:47]} 8. O-O {[%clk 1:28:29]} Bd6
{[%clk 1:28:29]} 9. Ne5 {[%clk 1:27:37]} O-O {[%clk 1:28:39]} 10. Bd2
{[%clk 1:26:58]} Ne4 {[%clk 1:22:37]} 11. Be1 {[%clk 1:26:47]} Bxe5
{[%clk 1:22:39]} 12. fxe5 {[%clk 1:26:49]} f6 {[%clk 1:22:42]} 13. exf6
{[%clk 1:25:39]} Rxf6 {[%clk 1:20:28]} 14. Nd2 {[%clk 1:24:37]} Rxf1+
{[%clk 1:16:43]} 15. Qxf1 {[%clk 1:22:58]} Nxd2 {[%clk 1:17:06]} 16. Bxd2
{[%clk 1:23:18]} Qb6 {[%clk 1:17:29]} 17. b3 {[%clk 1:21:14]} Rf8
{[%clk 1:16:41]} 18. Qd3 {[%clk 1:19:43]} c4 {[%clk 1:14:22]} 19. Qc2
{[%clk 1:17:33]} e5 {[%clk 1:06:59]} 20. Rf1 {[%clk 1:15:35]} Rxf1+
{[%clk 1:07:21]} 21. Kxf1 {[%clk 1:15:56]} e4 {[%clk 1:07:45]} 22. bxc4
{[%clk 1:15:27]} Qa6 {[%clk 1:08:10]} 23. Ke1 {[%clk 1:12:15]} Qxc4
{[%clk 1:08:15]} 24. Qb3 {[%clk 1:12:03]} Qxb3 {[%clk 1:06:36]} 25. axb3
{[%clk 1:12:32]} Na5 {[%clk 1:07:05]} 26. b4 {[%clk 1:10:28]} Nc4
{[%clk 1:03:17]} 27. Ke2 {[%clk 1:10:50]} Kf7 {[%clk 1:03:38]} 28. Be1
{[%clk 1:10:28]} Ke6 {[%clk 1:02:50]} 29. Bf2 {[%clk 1:08:24]} Kd7
{[%clk 1:03:12]} 30. Kd1 {[%clk 1:08:31]} Kc6 {[%clk 1:03:35]} 31. Kc2
{[%clk 1:08:07]} Kb5 {[%clk 1:04:01]} 32. Kb3 {[%clk 0:59:47]} b6
{[%clk 1:04:25]} 33. Bg1 {[%clk 0:59:54]} a5 {[%clk 1:04:46]} 34. h3
{[%clk 0:59:35]} a4+ {[%clk 1:04:59]} 35. Ka2 {[%clk 0:59:35]} Nd6
{[%clk 1:04:54]} 36. Ka3 {[%clk 0:57:17]} Kc4 {[%clk 1:05:18]} 37. Kxa4
{[%clk 0:57:02]} Nb5 {[%clk 1:05:43]} 0-1

[Event "Wroclaw Open"]
[Site "?"]
[Date "2017.08.16"]
[Round "1.9"]
[White "Nowak, Kamil"]
[Black "Kempe, Caius Emilian"]
[Result "1-0"]
[BlackElo "1626"]
[WhiteElo "2318"]
[LiveChessVersion "1.4.6"]

1. e4 c5 2. Nf3 d6 3. d4 cxd4 4. Nxd4 Nf6 5. Nc3 g6 6. Be3 Ng4 7. Bb5+ Nd7 8.
Qxg4 a6 9. Bxd7+ Bxd7 10. Qe2 Bg7 11. O-O O-O 12. Qd2 Rc8 13. Rfd1 Qc7 14. Bh6 b5
15. Bxg7 Kxg7 16. Nd5 Qd8 17. c3 e6 18. Ne3 Qe7 19. Nb3 Rc6 20. Na5 Rc7 21. Qxd6
Qxd6 22. Rxd6 1-0

[Event "Wroclaw Open"]
[Site "?"]
[Date "2017.08.16"]
[Round "1.10"]
[White "Daleczko, Wladyslaw"]
[Black "Kowalczyk, Pawel"]
[Result "0-1"]
[BlackElo "2311"]
[WhiteElo "1611"]
[LiveChessVersion "1.4.6"]

1. e4 {[%clk 1:30:57]} e6 {[%clk 1:30:55]} 2. d4 {[%clk 1:31:14]} d5
{[%clk 1:31:19]} 3. exd5 {[%clk 1:31:37]} exd5 {[%clk 1:31:43]} 4. Bd3
{[%clk 1:31:52]} Nc6 {[%clk 1:32:07]} 5. c3 {[%clk 1:32:13]} Bd6 {[%clk 1:32:33]}
6. Nf3 {[%clk 1:31:47]} Bg4 {[%clk 1:33:00]} 7. Be3 {[%clk 1:31:49]} Nge7
{[%clk 1:33:23]} 8. h3 {[%clk 1:29:30]} Bh5 {[%clk 1:33:51]} 9. Nbd2
{[%clk 1:27:39]} Qd7 {[%clk 1:34:19]} 10. Qc2 {[%clk 1:22:33]} O-O-O
{[%clk 1:34:47]} 11. Bb5 {[%clk 1:13:17]} a6 {[%clk 1:34:58]} 12. Ne5
{[%clk 1:12:43]} Bxe5 {[%clk 1:35:17]} 13. Bxc6 {[%clk 1:12:58]} Nxc6
{[%clk 1:35:42]} 14. dxe5 {[%clk 1:12:53]} Nxe5 {[%clk 1:36:05]} 15. f4
{[%clk 1:12:25]} Bg6 {[%clk 1:36:29]} 16. Qb3 {[%clk 1:11:33]} Nd3+
{[%clk 1:36:57]} 17. Ke2 {[%clk 1:06:36]} Rhe8 {[%clk 1:37:25]} 18. Kf3
{[%clk 1:06:42]} d4 {[%clk 1:37:40]} 19. Bxd4 {[%clk 1:05:20]} Qc6+ 20. Kg3
{[%clk 1:04:54]} Rxd4 {[%clk 1:38:02]} 21. cxd4 {[%clk 1:04:18]} Re3+
{[%clk 1:38:30]} 22. Kh2 {[%clk 1:03:13]} Nxf4 {[%clk 1:38:43]} 23. d5
{[%clk 1:03:11]} Qc5 {[%clk 1:39:00]} 24. Rac1 {[%clk 0:59:03]} Re2
{[%clk 1:34:46]} 25. Qg3 {[%clk 0:44:48]} Qxd5 {[%clk 1:29:54]} 26. Rhg1
{[%clk 0:26:36]} Qxd2 {[%clk 1:30:18]} 27. Rcf1 {[%clk 0:18:48]} Nh5
{[%clk 1:28:59]} 28. Qh4 {[%clk 0:15:04]} Qd6+ {[%clk 1:29:25]} 0-1

[Event "Wroclaw Open"]
[Site "?"]
[Date "2017.08.16"]
[Round "1.11"]
[White "Dowgird, Filip"]
[Black "Dytman, Radoslaw"]
[Result "1-0"]
[BlackElo "1601"]
[WhiteElo "2271"]
[LiveChessVersion "1.4.6"]

1. Nf3 Nf6 2. g3 g6 3. Bg2 Bg7 4. O-O d5 5. d3 O-O 6. Nbd2 c5 7. e4 e6 8. Re1 Nc6
9. c3 b6 10. a3 a5 11. a4 Ba6 12. exd5 exd5 13. Nb3 Re8 14. Rxe8+ Qxe8 15. Bg5
Qd7 16. d4 Ne4 17. dxc5 bxc5 18. Be3 Rb8 19. Nfd2 Qc8 20. Nxe4 dxe4 21. Nxc5 Rxb2
22. Bxe4 Bc4 23. Bxc6 Qxc6 24. Qd8+ Bf8 25. Nd7 Qd6 26. Bc5 1-0

[Event "Wroclaw Open"]
[Site "?"]
[Date "2017.08.16"]
[Round "1.12"]
[White "Socha, Kamil"]
[Black "Reza, Wojciech"]
[Result "0-1"]
[BlackElo "2241"]
[WhiteElo "1546"]
[LiveChessVersion "1.4.6"]

1. d4 {[%clk 1:30:56]} Nf6 {[%clk 1:30:45]} 2. c4 {[%clk 1:31:01]} e6
{[%clk 1:30:57]} 3. Nf3 {[%clk 1:31:09]} b6 {[%clk 1:29:43]} 4. g3
{[%clk 1:30:46]} Bb7 {[%clk 1:28:59]} 5. Bg2 {[%clk 1:30:57]} Be7
{[%clk 1:29:23]} 6. Nc3 {[%clk 1:31:04]} Ne4 {[%clk 1:29:21]} 7. Nxe4
{[%clk 1:30:22]} Bxe4 {[%clk 1:29:46]} 8. O-O {[%clk 1:29:18]} c6
{[%clk 1:28:06]} 9. a4 {[%clk 1:27:35]} d5 {[%clk 1:25:20]} 10. cxd5
{[%clk 1:23:49]} cxd5 {[%clk 1:24:20]} 11. Bd2 {[%clk 1:20:47]} Nc6
{[%clk 1:20:33]} 12. Bc3 {[%clk 1:17:21]} Rc8 {[%clk 1:18:03]} 13. Qb3
{[%clk 1:15:39]} a6 {[%clk 1:10:29]} 14. Ne5 {[%clk 1:11:56]} Bxg2
{[%clk 1:09:31]} 15. Nxc6 {[%clk 1:12:09]} Rxc6 {[%clk 1:09:57]} 16. Kxg2
{[%clk 1:12:20]} Qd6 {[%clk 1:06:32]} 17. Rac1 {[%clk 1:11:12]} Rc4
{[%clk 0:36:05]} 18. e4 {[%clk 0:59:42]} O-O {[%clk 0:33:16]} 19. e5
{[%clk 0:59:42]} Qc6 {[%clk 0:30:13]} 20. Kg1 {[%clk 0:49:35]} Rxa4
{[%clk 0:21:46]} 21. Ba5 {[%clk 0:48:56]} Qd7 {[%clk 0:22:05]} 22. Bxb6
{[%clk 0:46:35]} Rb8 {[%clk 0:19:53]} 23. Rc2 {[%clk 0:41:40]} Rb4
{[%clk 0:18:30]} 24. Rc7 {[%clk 0:40:31]} Qxc7 {[%clk 0:18:35]} 25. Qxb4
{[%clk 0:40:44]} Rxb6 {[%clk 0:18:38]} 26. Qd2 {[%clk 0:39:08]} h6
{[%clk 0:18:18]} 27. f4 {[%clk 0:37:48]} Rc6 {[%clk 0:18:27]} 28. Qd3
{[%clk 0:37:24]} Rc4 {[%clk 0:16:47]} 29. Kh1 {[%clk 0:36:37]} Qb6
{[%clk 0:17:09]} 30. Rd1 {[%clk 0:34:39]} Qxb2 {[%clk 0:17:29]} 31. Rb1
{[%clk 0:34:17]} Qxd4 {[%clk 0:17:15]} 32. Rb8+ {[%clk 0:33:46]} Bf8
{[%clk 0:17:40]} 33. Qa3 {[%clk 0:33:28]} Qd1+ {[%clk 0:17:56]} 34. Kg2
{[%clk 0:33:38]} Rc2+ {[%clk 0:18:22]} 35. Kh3 {[%clk 0:33:48]} Qh5#
{[%clk 0:18:47]} 0-1